Руководство по рентгеновскому исследованию минералов

Bibliographic Details
Other Authors: Франк-Каменецкий В. А. Виктор Альбертович (редактор)
Language:Russian
Published: Ленинград, Недра, 1975
Subjects:
Format: Book
KOHA link:https://koha.lib.tpu.ru/cgi-bin/koha/opac-detail.pl?biblionumber=153157

MARC

LEADER 00000nam0a2200000 4500
001 153157
005 20231101221655.0
035 |a (RuTPU)RU\TPU\book\166160 
090 |a 153157 
100 |a 20090210d1975 m y0rusy50 ca 
101 0 |a rus 
102 |a RU 
105 |a a z 001zy 
200 1 |a Руководство по рентгеновскому исследованию минералов  |f под ред. В. А. Франк-Каменецкого 
210 |a Ленинград  |c Недра  |d 1975 
215 |a 399 с.  |c ил. 
320 |a Библиография в конце глав. 
606 1 |a Минералы  |x Рентгеноструктурный анализ  |2 stltpush  |3 (RuTPU)RU\TPU\subj\43959  |9 63369 
610 1 |a руководство 
610 1 |a рентгеновские исследования 
675 |a 549.08:53  |v 3 
702 1 |a Франк-Каменецкий  |b В. А.  |g Виктор Альбертович  |4 340 
801 1 |a RU  |b 63413507  |c 20090210  |g PSBO 
801 2 |a RU  |b 63413507  |c 20130330  |g PSBO 
942 |c BK